Índice universal de inventarios / (Registro nro. 6193)

Detalles MARC
000 -LEADER
fixed length control field 00818nam a2200193Ia 4500
003 - CONTROL NUMBER IDENTIFIER
control field OSt
005 - DATE AND TIME OF LATEST TRANSACTION
control field 20210106095046.0
008 - FIXED-LENGTH DATA ELEMENTS--GENERAL INFORMATION
fixed length control field 191128s1962 ck gr 000 0 spa d
040 ## - CATALOGING SOURCE
Original cataloging agency CO-JMCR
Transcribing agency CO-JMCR
041 0# - LANGUAGE CODE
Language code of text/sound track or separate title spa
082 04 - DEWEY DECIMAL CLASSIFICATION NUMBER
Classification number 658.787 /
Item number C764i1
Edition number 23
110 1# - MAIN ENTRY--CORPORATE NAME
Corporate name or jurisdiction name as entry element Contraloria General de la República
9 (RLIN) 12680
245 10 - TITLE STATEMENT
Title Índice universal de inventarios /
Statement of responsibility, etc. Contraloria General de la República
260 ## - PUBLICATION, DISTRIBUTION, ETC.
Place of publication, distribution, etc. Bogotá :
Name of publisher, distributor, etc. Imprenta Nacional,
Date of publication, distribution, etc. 1962
300 ## - PHYSICAL DESCRIPTION
Extent xiii, 398 páginas ;
Dimensions 23 cm.
505 0# - FORMATTED CONTENTS NOTE
Formatted contents note índice universal de inventarios -- Agrupaciones y subagrupaciones del índice universal de inventarios -- Resoluciones orgánicas N° 4 de 1960 y 8 de 1962 -- Circulares generales N° 381 de 1960 y 397 de 1962 -- Formularios
650 14 - SUBJECT ADDED ENTRY--TOPICAL TERM
Topical term or geographic name entry element Inventarios
General subdivision Contraloría
Geographic subdivision Colombia
9 (RLIN) 12681
942 ## - ADDED ENTRY ELEMENTS (KOHA)
Source of classification or shelving scheme Dewey Decimal Classification
Koha item type Books
Existencias
Withdrawn status Lost status Source of classification or shelving scheme Damaged status Not for loan Collection code Home library Current library Date acquired Source of acquisition Full call number Barcode Date last seen Copy number Koha item type
    Dewey Decimal Classification     Non-fiction Biblioteca Pública José María del Castillo y Rada Biblioteca Pública José María del Castillo y Rada 04/15/2018 Donación 658.787 / C764i1 430012149 05/16/2024 Ej.1 Books